Statistics for Barbara Eden Filmography

Click here to take the quiz!

General Stats

  • This quiz has been taken 3 times
  • The average score is 9 of 107

Answer Stats

Type Year Name % Correct
TV Show1965-1970I Dream of Jeannie
100%
TV Show1990-1991Dallas
100%
Film1978Harper Valley PTA
100%
TV Film1974The Stranger Within
50%
Film1960Flaming Star
50%
TV Show1957-1959How to Marry a Millionaire
50%
Film1961Voyage to the Bottom of the Sea
50%
TV Show1957Perry Mason
50%
TV Film1971The Feminist and the Fuzz
50%
TV Film1971A Howling in the Woods
50%
TV Show1957I Love Lucy
50%
Film1962Five Weeks in a Balloon
50%
Film1964The Brass Bottle
50%
TV Film1988The Secret Life of Kathy McCormick
0%
TV Film1987The Stepford Children
0%
TV Film1989Your Mother Wears Combat Boots
0%
TV Film1989Brand New Life
0%
Theater1986South Pacific
0%
TV Film1985I Dream of Jeannie... Fifteen Years Later
0%
Theater1982The Best Little Whorehouse in Texas
0%
Documentary1985The Fantasy Film Worlds of George Pal
0%
Theater1984Woman of the Year
0%
Film1984Chattanooga Choo Choo
0%
TV Film1981Return of the Rebels
0%
TV Film1980Condominium
0%
TV Film1979The Girls in the Office
0%
Theater1977Blithe Spirit
0%
TV Film1977Stonestreet: Who Killed the Centerfold Model?
0%
TV Film1976How to Break Up a Happy Divorce
0%
Film1976The Amazing Dobermans
0%
TV Film1990Opposites Attract
0%
Film1956Back from Eternity
0%
TV Film1991Her Wicked Ways
0%
Film2003Loco Love
0%
TV Show2016-2017Shimmer and Shine
0%
TV Show2016Worst Cooks in America
0%
Theater2012, 2014Social Security
0%
Audiobook2011Jeannie Out of the Bottle
0%
Film2009Always & Forever
0%
TV Show2007Army Wives
0%
TV Show2007George Lopez
0%
Theater2006Love Letters
0%
TV Show2003Teamo Supremo
0%
Film2003Carolina
0%
TV Show2002-2003Sabrina the Teenage Witch
0%
TV Film1991Hell Hath No Fury
0%
Theater2000The Odd Couple: The Female Version
0%
Theater1998Gentlemen Prefer Blondes
0%
TV Film1996Dead Man's Island
0%
Film1996A Very Brady Sequel
0%
Theater1995Nite Club Confidential
0%
TV Film1994Eyes of Terror
0%
Theater1993Last of the Red Hot Lovers
0%
TV Film1993Visions of Murder
0%
TV Show1975Special Treat
0%
TV Film1991I Still Dream of Jeannie
0%
Theater1991Same Time, Next Year
0%
TV Film1972The Woman Hunter
0%
TV Film1975Let's Switch!
0%
TV Show1958Father Knows Best
0%
TV Show1962The Andy Griffith Show
0%
Film1962The Wonderful World of the Brothers Grimm
0%
TV Show1961Adventures in Paradise
0%
Film1961All Hands on Deck
0%
Film1961Swingin' Along
0%
Film1960From the Terrace
0%
Film1960Twelve Hours to Kill
0%
Film1959A Private's Affair
0%
TV Show1958The Lineup
0%
TV Show1957December Bride
0%
TV Show1962Cain's Hundred
0%
TV Show1957Bachelor Father
0%
TV Show1957Gunsmoke
0%
TV Show1957Crossroads
0%
TV Show1957The Millionaire
0%
TV Show1957Highway Patrol
0%
Film1957The Wayward Girl
0%
Film1957Will Success Spoil Rock Hunter?
0%
Film1957Bailout at 43,000
0%
TV Show1956The West Point Story
0%
TV Show1962Target: The Corruptors!
0%
TV Show1962Saints and Sinners
0%
TV Special1974Out to Lunch
0%
TV Show1965The Rogues
0%
Theater1973Annie Get Your Gun
0%
TV Pilot1973The Barbara Eden Show
0%
TV Film1973Guess Who's Sleeping in My Bed?
0%
TV Show1956The Johnny Carson Show
0%
Theater1971The Unsinkable Molly Brown
0%
Theater1970The Sound of Music
0%
TV Show1967Off to See the Wizard
0%
TV Show1967Armstrong Circle Theatre
0%
Theater1966Finian's Rainbow
0%
TV Show1965Slattery's People
0%
Film1963The Yellow Canary
0%
Theater1964The Pajama Game
0%
TV Show1964The Virginian
0%
TV Show1964Route 66
0%
Film1964Ride the Wild Surf
0%
Film1964The New Interns
0%
Film1964Quick, Let's Get Married
0%
Film19647 Faces of Dr. Lao
0%
TV Show1963-1965Burke's Law
0%
TV Show1963, 1964Rawhide
0%
TV Show2018Long Island Medium
0%

Score Distribution

Percentile by Number Answered

Percent of People with Each Score

Your Score History

You have not taken this quiz